000 00618nam a2200229Ia 4500
003 OSt
005 20220928140816.0
006 a|||||r|||| 00| 0
007 ta
008 220927b |||||||| |||| 00| 0 eng d
024 _a12024
037 _cTextual
040 _aSDCL
_cSDCL
_beng
041 _2eng
_aeng
082 _aX:8, M4
100 _aVeiga John F
_9497788
245 0 _aDynamics of organization theory
_b Gaining a macro perspective
260 _c1984
700 _a Yanouzas John N
_9497789
942 _hX:8, M4
_cTEXL
_2CC
999 _c814442
_d814442